00502nam a2200193 a 4500001001300000003000900013005001700022008004100039020002300080082001900103100001900122245003300141260004100174300000900215500003500224505001000259650002000269700001900289nice12345678IN_TiNIC20260116014352.0110107s2011 newa grp 000 0 eng  a9789380937236c79500a323.35254bBHA aBhatia, Vinita aSocial Laws and Child Rights aNew Delhi bAlfa Publications c2011 a252p aincludes index and biblioraphy2 aIndex aChildren-Rights1 aBhatia, Vinita